Muslim Contributions to World Civilization / (Record no. 21397)

MARC details
000 -LEADER
fixed length control field 00607nam a22001937a 4500
003 - CONTROL NUMBER IDENTIFIER
control field BDDh-ASL
005 - DATE AND TIME OF LATEST TRANSACTION
control field 20231015030006.0
008 - FIXED-LENGTH DATA ELEMENTS--GENERAL INFORMATION
fixed length control field 210131s2005 us ||||| |||| 00| 0 eng d
040 ## - CATALOGING SOURCE
Original cataloging agency BDDh-ASL
Transcribing agency BDDh-ASL
082 ## - DEWEY DECIMAL CLASSIFICATION NUMBER
Classification number 909.297
Item number MUS
245 00 - TITLE STATEMENT
Title Muslim Contributions to World Civilization /
260 ## - PUBLICATION, DISTRIBUTION, ETC.
Place of publication, distribution, etc. USA :
Name of publisher, distributor, etc. The Association of Muslim Social Scientists,
Date of publication, distribution, etc. 2005.
300 ## - PHYSICAL DESCRIPTION
Extent 151 p. :
Dimensions 23 cm.
504 ## - BIBLIOGRAPHY, ETC. NOTE
Bibliography, etc. note Includes bibliographical references and index.
650 #0 - SUBJECT ADDED ENTRY--TOPICAL TERM
9 (RLIN) 2977
Topical term or geographic name entry element Civilization
General subdivision World Civilization
650 #0 - SUBJECT ADDED ENTRY--TOPICAL TERM
9 (RLIN) 2978
Topical term or geographic name entry element Muslim
700 1# - ADDED ENTRY--PERSONAL NAME
9 (RLIN) 2976
Personal name Ahmed, M. Basheer
942 ## - ADDED ENTRY ELEMENTS (KOHA)
Source of classification or shelving scheme Dewey Decimal Classification
Koha item type Books
Holdings
Withdrawn status Lost status Source of classification or shelving scheme Damaged status Not for loan Collection code Home library Current library Shelving location Date acquired Source of acquisition Total Checkouts Full call number Barcode Date last seen Copy number Price effective from Koha item type
    Dewey Decimal Classification     Non-fiction Asiatic Society Library Asiatic Society Library General Stacks 01/31/2021 Complementary   909.297 MUS 105107 01/31/2021 C-1 01/31/2021 Books

Powered by Koha